Goldenrod : poems / Maggie Smith.
Available copies
- 1 of 1 copy available at LARL/NWRL Consortium.
- 1 of 1 copy available at Lake Agassiz Regional Library. (Show preferred library)
Current holds
0 current holds with 1 total copy.
Show Only Available Copies
| Location | Call Number / Copy Notes | Barcode | Shelving Location | Status | Due Date |
|---|---|---|---|---|---|
| Crookston Public Library | 811.6 SMI (Text) | 33500013434303 | Main | Available | - |
Record details
- ISBN: 1982185066
- ISBN: 9781982185060
- Physical Description: xii, 113 pages ; 19 cm
- Edition: First One Signal Publishers/Atria Books hardcover ... Read More
- Publisher: New York, NY : One Signal Publishers, 2021.
Content descriptions
| Summary, etc.: | "With her breakout bestseller Keep Moving, Maggie ... Read More |
Search for related items by subject
| Subject: | American poetry > 21st century. American poetry. |
| Genre: | Poetry. Poetry. |
| LDR | 02006cam a2200409 i 4500 | ||
|---|---|---|---|
| 001 | 367305 | ||
| 003 | LARL_NWRL_CONSORTIUM | ||
| 005 | 20210805151133.0 | ||
| 008 | 210129s2021 nyu e 000 p eng d | ||
| 010 | . | ‡a 2021935805 | |
| 040 | . | ‡aYDX ‡beng ‡cYDX ‡dBDX ‡dUKMGB ‡dHBP ‡dOCLCO ‡dOQX ‡dOCLCO ‡dJAS ‡dCLE ‡dOJ4 ‡dOCLCF | |
| 015 | . | ‡aGBC1A6731 ‡2bnb | |
| 016 | 7 | . | ‡a020249710 ‡2Uk |
| 020 | . | ‡a1982185066 ‡q(hardcover) | |
| 020 | . | ‡a9781982185060 ‡q(hardcover) | |
| 035 | . | ‡a(OCoLC)1233268005 | |
| 082 | 0 | 4. | ‡a811.6 ‡223 |
| 100 | 1 | . | ‡aSmith, Maggie, ‡d1977- ‡eauthor. |
| 245 | 1 | 0. | ‡aGoldenrod : ‡bpoems / ‡cMaggie Smith. |
| 250 | . | ‡aFirst One Signal Publishers/Atria Books hardcover edition. | |
| 264 | 1. | ‡aNew York, NY : ‡bOne Signal Publishers, ‡c2021. | |
| 300 | . | ‡axii, 113 pages ; ‡c19 cm | |
| 336 | . | ‡atext ‡2rdacontent | |
| 337 | . | ‡aunmediated ‡2rdamedia | |
| 338 | . | ‡avolume ‡2rdacarrier | |
| 520 | . | ‡a"With her breakout bestseller Keep Moving, Maggie Smith captured the nation with her "meditations on kindness and hope" (NPR). Now, with Goldenrod, the award-winning poet returns with a powerful collection of poems that look at parenthood, solitude, love, and memory. Pulling objects from everyday life--a hallway mirror, a rock found in her son's pocket, a field of goldenrods at the side of the road--she reveals the magic of the present moment. Only Maggie Smith could turn an autocorrect mistake into a line of poetry, musing that her phone "doesn't observe / the high holidays, autocorrecting / shana tova to shaman tobacco, / Rosh Hashanah to rose has hands"--Amazon. | |
| 650 | 0. | ‡aAmerican poetry ‡y21st century. ‡0(LARL_NWRL_CONSORTIUM)163336 | |
| 650 | 7. | ‡aAmerican poetry. ‡2fast ‡0(LARL_NWRL_CONSORTIUM)13411 | |
| 648 | 7. | ‡a2000-2099 ‡2fast | |
| 655 | 7. | ‡aPoetry. ‡2fast | |
| 655 | 7. | ‡aPoetry. ‡2lcgft | |
| 901 | . | ‡a367305 ‡bOCoLC ‡c367305 ‡tbiblio ‡soclc | |

Add to basket
Permalink
Disable Highlighting